| 000 | 00797nam a2200217Ia 4500 | ||
|---|---|---|---|
| 005 | 20251020182529.0 | ||
| 008 | 200515s9999 xx 000 0 und d | ||
| 082 | _a696.36/C20 | ||
| 100 | _aCARNICER ROYO, Enrique MAINAR HASTA, Concepción | ||
| 245 | 0 | _aAgua caliente y aparatos sanitarios | |
| 260 | _aMadrid | ||
| 260 | _c1995 | ||
| 500 | _a1 ejemplar | ||
| 520 | _aHace hincapié, sobre todo, en la consideración del cálculo de los equipos que suministran agua caliente sanitaria, para dar mayor facilidad a las técnicas a la hora de elegir el calentador, la caldera o el acumulador más adecuado en cada ocasión | ||
| 650 | _aAPARATOS SANITARIOS | ||
| 650 | _aCALDERAS | ||
| 650 | _aCALENTADORES DE AGUA | ||
| 650 | _aINSTALACIONES SANITARIAS | ||
| 650 | _aLIB | ||
| 942 | _cLIB | ||
| 999 |
_c2017 _d2017 |
||